Statistics for Largest Countries With Under 1 Million People

Click here to take the quiz!

General Stats

  • This quiz has been taken 33 times
  • The average score is 6 of 10

Answer Stats

Area (Sq Km)Answer% Correct
18,333Fiji
73%
102,775Iceland
73%
163,820Suriname
67%
28,370Solomon Islands
67%
214,999Guyana
64%
38,394Bhutan
61%
13,940Bahamas
61%
22,965Belize
45%
12,281Vanuatu
45%
13,812Montenegro
39%

Score Distribution

Percentile by Number Answered

Percent of People with Each Score

Your Score History

You have not taken this quiz